| 000 | 00858nam a2200265 a 4500 | ||
|---|---|---|---|
| 001 | BRCA_8107 | ||
| 005 | 20190320210132.0 | ||
| 008 | 080414s1929----fr-a###f##---#000-0#fre-# | ||
| 041 | _afre | ||
| 044 | _afr | ||
| 050 | 4 |
_aNK7210 _b.B567 _c1929 |
|
| 100 | 1 |
_aBeuque, E. _920179 |
|
| 245 | 1 | 0 |
_aDictionnaire des Poincons _bde maitres-orfèvres francais du XIV siècle à 1838 _cE. Beuque et M. Frapsauce ; preface de M. La Clavière. |
| 260 |
_aParis _bB&F _c1929 |
||
| 300 |
_a343 p. _bil. _c28 cm. |
||
| 500 | _aY159 | ||
| 500 | _aVer también Y184 (ed. 1964) | ||
| 650 | 1 | 4 |
_aOrfebrería _vDiccionarios _zFrancia _920180 |
| 650 | 1 | 4 |
_aOrfebrería _vTécnicas _zFrancia _920181 |
| 650 | 1 | 4 |
_aOrfebrería _vDiseño y estilos _zFrancia _920182 |
| 700 | 1 |
_aFrapsauce, M. _ecoaut. _920183 |
|
| 700 | 1 |
_aClavière, M. La _920184 |
|
| 902 | _aGFM | ||
| 942 |
_2lcc _cB |
||
| 999 |
_c7775 _d7775 |
||